[Event "CZE-ch Youth B16 2022"]
[Site "Luhacovice"]
[Date "2022.03.14"]
[Round "4.11"]
[White "Trojan, Matyas"]
[Black "Vasinek, Martin"]
[Result "1/2-1/2"]
[WhiteElo "1582"]
[BlackElo "1594"]
[Annotator "NA RC"]
[PlyCount "132"]
[EventDate "2022.03.12"]
[EventType "swiss"]
[EventCountry "CZE"]
[SourceTitle "playchess.com"]
[Source "ChessBase"]
[SourceQuality "1"]
[TimeControl "40/5400+30:1800+30"]

1. e4 {[%emt 0:00:03]} c5 {[%emt 0:00:07]} 2. Nf3 {[%emt 0:00:04]} Nc6 {[%emt 0:00:05]} 3. d4 {[%emt 0:00:04]} cxd4 {[%emt 0:00:03]} 4. Nxd4 {[%emt 0:00:04]} g6 {[%emt 0:00:06]} 5. Nc3 {[%emt 0:00:07]} Bg7 {[%emt 0:00:05]} 6. Be3 {[%emt 0:00:12]} Nf6 {[%emt 0:00:05]} 7. Bc4 {[%emt 0:00:10]} Qa5 {[%emt 0:00:32]} 8. f3 {[%emt 0:01:46]} Qb4 {[%emt 0:10:01]} 9. Ndb5 {[%emt 0:02:43]} O-O {[%emt 0:06:15]} 10. Bb3 {[%emt 0:09:45]} Ne8 {[%emt 0:10:30]} 11. a3 {[%emt 0:07:39]} Qa5 {[%emt 0:02:36]} 12. Nd4 {[%emt 0:01:44]} Nc7 {[%emt 0:12:52]} 13. Qd2 {[%emt 0:08:30]} d6 {[%emt 0:09:58]} 14. O-O-O {[%emt 0:04:04]} Nxd4 {[%emt 0:09:55]} 15. Bxd4 {[%emt 0:00:42]} Be6 {[%emt 0:02:14]} 16. Bxg7 {[%emt 0:04:26]} Kxg7 {[%emt 0:00:11]} 17. Qd4+ {[%emt 0:00:54]} Kg8 {[%emt 0:00:32]} 18. Nd5 {[%emt 0:01:12]} Nxd5 {[%emt 0:04:29]} 19. exd5 {[%emt 0:01:31]} Bd7 {[%emt 0:00:21]} 20. h4 {[%emt 0:01:41]} Qc5 {[%emt 0:02:38]} 21. Qf4 {[%emt 0:05:29]} f6 {[%emt 0:00:59]} 22. Qh6 {[%emt 0:03:56]} Rf7 {[%emt 0:01:24]} 23. c3 {[%emt 0:10:29]} Raf8 {[%emt 0:03:06]} 24. Rd4 {[%emt 0:03:23]} a5 {[%emt 0:04:03]} 25. g4 {[%emt 0:04:29]} Rg7 {[%emt 0:01:57]} 26. Bc2 {[%emt 0:05:39]} b6 {[%emt 0:09:08]} 27. g5 {[%emt 0:09:12]} fxg5 {[%emt 0:03:59]} 28. h5 {[%emt 0:02:32]} gxh5 {[%emt 0:02:13]} 29. Qxh5 {[%emt 0:03:36]} Bf5 {[%emt 0:00:12]} 30. Bxf5 {[%emt 0:04:15]} Rxf5 {[%emt 0:00:01]} 31. Re1 {[%emt 0:02:13]} Qb5 {[%emt 0:00:53]} 32. c4 {[%emt 0:02:15]} Qb3 {[%emt 0:00:43]} 33. Rde4 {[%emt 0:00:46]} Qxf3 {[%emt 0:01:31]} 34. Qe8+ {[%emt 0:00:41]} Rf8 {[%emt 0:00:02]} 35. Qb5 {[%emt 0:01:03]} Qf2 {[%emt 0:00:48]} 36. Rxe7 {[%emt 0:00:39]} Rxe7 {[%emt 0:00:59]} 37. Rxe7 {[%emt 0:00:03]} Qc5 {[%emt 0:00:02]} 38. Qb3 {[%emt 0:00:54]} Qg1+ {[%emt 0:01:00]} 39. Kd2 {[%emt 0:00:08]} Rf2+ {[%emt 0:00:18]} 40. Re2 {[%emt 0:00:23]} Rxe2+ {[%emt 0:00:13]} 41. Kxe2 {[%emt 0:30:03]} Qh2+ {[%emt 0:30:31]} 42. Kf1 {[%emt 0:01:23]} Qf4+ {[%emt 0:01:15]} 43. Kg2 {[%emt 0:00:00]} Qe4+ {[%emt 0:00:00]} 44. Kf1 {[%emt 0:00:00]} h5 {[%emt 0:00:00]} 45. Kf2 {[%emt 0:00:00]} Qd4+ {[%emt 0:00:00]} 46. Kg2 {[%emt 0:00:00]} h4 {[%emt 0:00:00]} 47. Qc2 {[%emt 0:00:00]} Kg7 {[%emt 0:00:00]} 48. Qf5 {[%emt 0:00:00]} Qf6 {[%emt 0:00:00]} 49. Qd7+ {[%emt 0:00:00]} Kh6 {[%emt 0:00:00]} 50. b4 {[%emt 0:00:00]} Qb2+ {[%emt 0:00:00]} 51. Kf1 {[%emt 0:00:00]} Qc1+ {[%emt 0:00:00]} 52. Kg2 {[%emt 0:00:00]} Qd2+ {[%emt 0:00:00]} 53. Kg1 {[%emt 0:00:00]} Qe1+ {[%emt 0:00:00]} 54. Kg2 {[%emt 0:00:00]} Qg3+ {[%emt 0:00:00]} 55. Kf1 {[%emt 0:00:00]} Qf4+ {[%emt 0:00:00]} 56. Kg2 {[%emt 0:00:00]} Qe4+ {[%emt 0:00:00]} 57. Kg1 {[%emt 0:00:00]} Qd4+ {[%emt 0:00:55]} 58. Kg2 {[%emt 0:00:00]} Qb2+ {[%emt 0:01:18]} 59. Kg1 {[%emt 0:00:18]} Qc1+ {[%emt 0:00:02]} 60. Kg2 {[%emt 0:01:30]} Qc2+ {[%emt 0:00:50]} 61. Kg1 {[%emt 0:00:34]} Qd1+ {[%emt 0:00:12]} 62. Kf2 {[%emt 0:01:44]} Qd2+ {[%emt 0:00:35]} 63. Kf1 {[%emt 0:01:12]} Qf4+ {[%emt 0:00:21]} 64. Kg2 {[%emt 0:00:52]} g4 {[%emt 0:03:16]} 65. Qe6+ {[%emt 0:00:58]} Kg5 {[%emt 0:00:41]} 66. Qg8+ {[%emt 0:00:45]} Kh5 {[%emt 0:01:31]} 1/2-1/2

[Event "CZE-ch Youth B16 2022"]
[Site "Luhacovice"]
[Date "2022.03.14"]
[Round "4.12"]
[White "Zrubek, Adam"]
[Black "Simek, Viktor"]
[Result "0-1"]
[WhiteElo "1661"]
[BlackElo "1527"]
[Annotator "NA"]
[PlyCount "57"]
[EventDate "2022.03.12"]
[EventType "swiss"]
[EventCountry "CZE"]
[SourceTitle "playchess.com"]
[Source "ChessBase"]
[SourceQuality "1"]
[TimeControl "40/5400+30:1800+30"]

1. e4 e5 2. Nf3 Nc6 3. Bb5 a6 4. Ba4 Nf6 5. O-O Be7 6. Re1 b5 7. Bb3 O-O 8. c3 d5 9. exd5 Nxd5 10. Nxe5 Nxe5 11. Rxe5 c6 12. d4 Bd6 13. Re1 Qh4 14. g3 Qh3 15. Qf3 Bg4 16. Qg2 Qh5 17. Bxd5 cxd5 18. Be3 Bf3 19. Qf1 f5 20. Bc1 f4 21. Nd2 fxg3 22. fxg3 Bxg3 23. Nxf3 Rxf3 24. hxg3 Rxg3+ 25. Qg2 Rxg2+ 26. Kxg2 Qg4+ 27. Kf2 Rf8+ 28. Ke3 Qd7 29. Rh1 0-1

[Event "CZE-ch Youth B16 2022"]
[Site "Luhacovice"]
[Date "2022.03.15"]
[Round "5.1"]
[White "Smolik, Jachym"]
[Black "Soucek, Petr"]
[Result "1/2-1/2"]
[WhiteElo "2277"]
[BlackElo "2194"]
[Annotator "TA"]
[PlyCount "133"]
[EventDate "2022.03.12"]
[EventType "swiss"]
[EventCountry "CZE"]
[SourceTitle "playchess.com"]
[Source "ChessBase"]
[SourceQuality "1"]

{[%evp 15,133,55,50,53,45,14,36,16,25,6,1,0,10,2,35,29,29,31,72,56,47,32,27,20,37,4,16,8,27,16,21,0,24,24,33,15,8,0,27,17,55,64,95,81,81,83,83,88,83,0,16,17,59,64,57,56,60,64,55,0,123,125,134,134,134,134,134,134,134,64,99,96,134,134,128,118,134,134,134,82,134,128,134,134,134,130,133,99,104,96,134,134,134,134,134,127,134,124,134,124,134,134,134,134,134,134,134,134,134,134,134,112,134,134,134,134,134,134,141,141]} 1. d4 Nf6 2. g3 c5 3. dxc5 Qa5+ 4. Nc3 Qxc5 5. e4 d6 6. Bg2 g6 7. Nge2 {[%cal Bg1e2,Be2f4,Bf4d3][%mdl 32]} Bg7 8. O-O O-O 9. h3 {B06: Modern Defence.} Nc6 10. Nf4 {[#]} Bd7 $146 ({Predecessor:} 10... Be6 11. Nfd5 Bxd5 12. Nxd5 Nxd5 13. exd5 Ne5 14. c3 b5 15. Be3 Qc7 16. Bd4 a5 {½-½ (44) Gorbatov,A (2377)-Utegaliev,A (2431) Moscow 2010}) 11. Nd3 {White is slightly better.} (11. Be3 $5 {[%cal Re3c5]} Qa5 12. Qd2 $11) 11... Qa5 12. f4 Be6 13. Bd2 {[%cal Oc3d5]} Qb6+ 14. Kh2 Rac8 15. Nd5 (15. b3 {feels hotter.} Bd7 16. Na4 Qd8 17. Rc1 b5 18. Nc3) 15... Bxd5 16. exd5 Nb8 (16... Na5 $1 $14 {is superior.}) 17. c3 Nbd7 18. Qb3 Qa6 19. Nb4 Qb5 20. Be3 (20. Qd1 {is more complex.} Nc5 21. a4 Qc4 22. a5 Nb3 23. Ra3) 20... Nc5 $1 21. Bxc5 Qxc5 (21... dxc5 $5 22. Nc2 Qd7 $11) 22. Rfe1 Rfe8 ({Weaker is} 22... Qf2 23. Nd3 (23. Qc2 Qxc2 24. Nxc2 Rfe8 $11) 23... Qb6 24. Qxb6 (24. Rxe7 Qxb3 25. axb3 Rce8 $16) 24... axb6 25. Rxe7 $16) 23. Re2 Nd7 (23... a5 $5 {[%cal Ra5b4]} 24. Nd3 Qc4 25. Qxc4 Rxc4 $14) 24. Rae1 Kf8 25. Re3 Qb6 26. Nd3 Rc7 27. Re4 {[%cal Be3e4,Be4b4,Bb4b5,Bb5a5,Ba5a2][%mdl 32]} Qa6 28. Bf1 Nb6 {To avoid Ra4} 29. Rb4 {[%cal Od3c5] White is more active.} Rec8 {[%cal Rg7c3]} 30. Nf2 Qa5 31. Rb5 Qa6 32. Qb4 (32. Ne4 $16) 32... Qxa2 {[%cal Rg7c3] Hoping for ...Bxc3!} 33. Ra5 $1 $36 {[%mdl 2048] Black is under pressure.} ({Don't play} 33. Qa5 Na4 34. Qxa7 b6 $17) 33... Bxc3 34. Qxc3 $14 (34. Rxa2 $2 {perishes.} Bxb4 35. Re2 Rc2 $19) 34... Rxc3 35. Rxa2 Rc2 36. Kg1 Nxd5 37. Bg2 (37. Nd3 $14) 37... Nb4 (37... Nc3 $1 $11 38. Rxa7 Ne2+ 39. Kh2 Nxf4) 38. Rxa7 $16 Rxf2 {[%mdl 64] [#] Remove Defender, Decoy} 39. Kxf2 Nd3+ 40. Kf1 Nxe1 41. Kxe1 {[%mdl 4096] Endgame KRB-KR} Rc2 42. Kf1 ({Better is} 42. Bxb7 $16 {And now b4 would win.} Rxb2 43. Bf3) 42... Rxb2 43. Bxb7 e6 44. Bf3 h6 45. Be2 Rc2 46. Kf2 Rc3 47. Ra2 (47. h4 $142) 47... Rb3 (47... g5 $142) 48. Bf3 h5 49. Rd2 Ke7 50. Re2 Kf6 51. Ra2 Rb4 {[%cal Oh5h4]} 52. Rd2 Ke7 {[%cal Oh5h4] [#]} 53. h4 $1 Rb5 54. Rd3 Ra5 55. Kg2 Rb5 56. Rc3 Kf6 57. Kh3 d5 58. Rc6 Kf5 59. Rc7 {[%cal Rc7f7]} Kf6 60. Bd1 Ra5 61. Bc2 Ra6 62. Bd3 Rb6 63. Rc3 Ke7 64. Ra3 {White is clearly better.} Rb7 65. Kg2 Kf6 66. Kf3 Rc7 67. Ke3 {Weighted Error Value: White=0.12 (very precise) /Black=0.14 (very precise)} 1/2-1/2

[Event "CZE-ch Youth B16 2022"]
[Site "Luhacovice"]
[Date "2022.03.15"]
[Round "5.2"]
[White "Jirasko, Miroslav"]
[Black "Dolensky, Filip"]
[Result "1/2-1/2"]
[WhiteElo "1933"]
[BlackElo "2021"]
[Annotator "ChessBase"]
[PlyCount "91"]
[EventDate "2022.03.12"]
[EventType "swiss"]
[EventCountry "CZE"]
[SourceTitle "playchess.com"]
[Source "ChessBase"]
[SourceQuality "1"]
[TimeControl "40/5400+30:1800+30"]

1. Nf3 {[%emt 0:00:18]} Nf6 {[%emt 0:00:35]} 2. d4 {[%emt 0:00:15]} g6 {[%emt 0:01:06]} 3. c4 {[%emt 0:00:05]} Bg7 {[%emt 0:00:08]} 4. Nc3 {[%emt 0:00:05]} d6 {[%emt 0:00:15]} 5. e4 {[%emt 0:00:05]} O-O {[%emt 0:00:09]} 6. Be2 {[%emt 0:00:05]} e5 {[%emt 0:00:26]} 7. dxe5 {[%emt 0:00:26]} dxe5 {[%emt 0:00:08]} 8. Qxd8 {[%emt 0:00:05]} Rxd8 {[%emt 0:00:03]} 9. Bg5 {[%emt 0:00:06]} Re8 {[%emt 0:01:26]} 10. O-O-O {[%emt 0:01:36]} h6 {[%emt 0:03:29]} 11. Be3 {[%emt 0:01:06]} c6 {[%emt 0:01:07]} 12. Ne1 {[%emt 0:03:03]} Be6 {[%emt 0:03:23]} 13. f3 {[%emt 0:01:43]} Nbd7 {[%emt 0:01:21]} 14. Nc2 {[%emt 0:06:38]} Red8 {[%emt 0:05:51]} 15. b4 {[%emt 0:15:34]} Bf8 {[%emt 0:04:38]} 16. Bf2 {[%emt 0:16:14]} Be7 {[%emt 0:05:42]} 17. g4 {[%emt 0:02:03]} Ne8 {[%emt 0:11:55]} 18. h4 {[%emt 0:05:42]} a5 {[%emt 0:02:21]} 19. a3 {[%emt 0:02:46]} Nd6 {[%emt 0:00:58]} 20. Ne3 {[%emt 0:08:38]} b6 {[%emt 0:06:57]} 21. Kb2 {[%emt 0:04:03]} axb4 {[%emt 0:03:51]} 22. axb4 {[%emt 0:00:09]} Ra7 {[%emt 0:02:17]} 23. Ra1 {[%emt 0:00:29]} Rda8 {[%emt 0:00:09]} 24. Rxa7 {[%emt 0:00:12]} Rxa7 {[%emt 0:00:01]} 25. b5 {[%emt 0:11:22]} c5 {[%emt 0:03:17]} 26. Ned5 {[%emt 0:01:15]} Bxd5 {[%emt 0:01:58]} 27. Nxd5 {[%emt 0:07:14]} Bd8 {[%emt 0:00:40]} 28. Be3 {[%emt 0:00:21]} Kg7 {[%emt 0:02:15]} 29. Bd2 {[%emt 0:04:46]} g5 {[%emt 0:01:37]} 30. hxg5 {[%emt 0:01:52]} hxg5 {[%emt 0:00:08]} 31. Bc3 {[%emt 0:00:52]} f6 {[%emt 0:01:30]} 32. Ne3 {[%emt 0:00:31]} Be7 {[%emt 0:00:38]} 33. Rd1 {[%emt 0:02:27]} Kg6 {[%emt 0:01:33]} 34. Nf5 {[%emt 0:00:10]} Nxf5 {[%emt 0:00:47]} 35. exf5+ {[%emt 0:00:06]} Kg7 {[%emt 0:01:34]} 36. Bd3 {[%emt 0:00:14]} Nf8 {[%emt 0:04:26]} 37. Be4 {[%emt 0:00:06]} Nh7 {[%emt 0:00:52]} 38. Kb3 {[%emt 0:01:20]} Nf8 {[%emt 0:00:51]} 39. Bc6 {[%emt 0:00:05]} Nh7 {[%emt 0:00:39]} 40. Bb2 {[%emt 0:00:40]} Nf8 {[%emt 0:09:47]} 41. Kc3 {[%emt 0:10:44]} Kf7 {[%emt 0:02:34]} 42. Bd5+ {[%emt 0:00:40]} Ke8 {[%emt 0:00:55]} 43. Kb3 {[%emt 0:00:33]} Bd6 {[%emt 0:01:11]} 44. Bc6+ {[%emt 0:01:42]} Ke7 {[%emt 0:00:08]} 45. Rh1 {[%emt 0:00:45]} Kd8 {[%emt 0:01:12]} 46. Rd1 {[%emt 0:02:59]} 1/2-1/2

[Event "CZE-ch Youth B16 2022"]
[Site "Luhacovice"]
[Date "2022.03.15"]
[Round "5.3"]
[White "Janous, Marek"]
[Black "Stejskal, Michal"]
[Result "1/2-1/2"]
[WhiteElo "2056"]
[BlackElo "1857"]
[Annotator "ChessBase"]
[PlyCount "65"]
[EventDate "2022.03.12"]
[EventType "swiss"]
[EventCountry "CZE"]
[SourceTitle "playchess.com"]
[Source "ChessBase"]
[SourceQuality "1"]
[TimeControl "40/5400+30:1800+30"]

1. e4 {[%emt 0:00:15]} e6 {[%emt 0:00:20]} 2. d4 {[%emt 0:01:52]} d5 {[%emt 0:00:23]} 3. Nd2 {[%emt 0:01:12]} Nf6 {[%emt 0:02:13]} 4. e5 {[%emt 0:00:31]} Nfd7 {[%emt 0:00:08]} 5. Bd3 {[%emt 0:00:24]} c5 {[%emt 0:00:42]} 6. c3 {[%emt 0:00:12]} Nc6 {[%emt 0:00:34]} 7. Ne2 {[%emt 0:00:25]} c4 {[%emt 0:04:18]} 8. Bc2 {[%emt 0:09:02]} b5 {[%emt 0:01:55]} 9. O-O {[%emt 0:03:18]} Qb6 {[%emt 0:04:34]} 10. Kh1 {[%emt 0:01:10]} Bb7 {[%emt 0:05:02]} 11. f4 {[%emt 0:03:00]} g6 {[%emt 0:06:27]} 12. Nf3 {[%emt 0:11:58]} Be7 {[%emt 0:00:18]} 13. Ng5 {[%emt 0:08:23]} b4 {[%emt 0:05:24]} 14. Ng3 {[%emt 0:06:21]} a5 {[%emt 0:03:25]} 15. f5 {[%emt 0:14:12]} exf5 {[%emt 0:07:24]} 16. Nxf7 {[%emt 0:05:18]} Rf8 {[%emt 0:07:10]} 17. Nd6+ {[%emt 0:05:08]} Bxd6 {[%emt 0:00:14]} 18. exd6 {[%emt 0:00:05]} O-O-O {[%emt 0:00:27]} 19. Bf4 {[%emt 0:06:17]} Rde8 {[%emt 0:03:51]} 20. Qf3 {[%emt 0:01:32]} Nd8 {[%emt 0:00:28]} 21. Rfe1 {[%emt 0:02:45]} Nf7 {[%emt 0:01:46]} 22. Re7 {[%emt 0:04:37]} bxc3 {[%emt 0:08:14]} 23. bxc3 {[%emt 0:01:31]} Nxd6 {[%emt 0:03:12]} 24. Rxh7 {[%emt 0:06:21]} Nf7 {[%emt 0:01:11]} 25. Rb1 {[%emt 0:02:03]} Qe6 {[%emt 0:01:12]} 26. h4 {[%emt 0:00:33]} Rh8 {[%emt 0:01:50]} 27. Rxh8 {[%emt 0:00:25]} Rxh8 {[%emt 0:00:05]} 28. h5 {[%emt 0:00:34]} Nf6 {[%emt 0:00:38]} 29. Kg1 {[%emt 0:00:57]} Nxh5 {[%emt 0:00:16]} 30. Nxh5 {[%emt 0:00:09]} Rxh5 {[%emt 0:00:11]} 31. Kf2 {[%emt 0:00:07]} Nd6 {[%emt 0:04:06]} 32. Rb6 {[%emt 0:03:54]} Rh1 {[%emt 0:03:52]} 33. Qe2 1/2-1/2

[Event "CZE-ch Youth B16 2022"]
[Site "Luhacovice"]
[Date "2022.03.15"]
[Round "5.4"]
[White "Le, Anh Dung"]
[Black "Bezdek, Tomas"]
[Result "1/2-1/2"]
[WhiteElo "1998"]
[BlackElo "1855"]
[Annotator "ChessBase"]
[PlyCount "42"]
[EventDate "2022.03.12"]
[EventType "swiss"]
[EventCountry "CZE"]
[SourceTitle "playchess.com"]
[Source "ChessBase"]
[SourceQuality "1"]
[TimeControl "40/5400+30:1800+30"]

1. e4 {[%emt 0:00:09]} c5 {[%emt 0:00:07]} 2. Nf3 {[%emt 0:00:24]} e6 {[%emt 0:00:13]} 3. d4 {[%emt 0:01:18]} cxd4 {[%emt 0:00:30]} 4. Nxd4 {[%emt 0:00:05]} Nc6 {[%emt 0:00:08]} 5. Nc3 {[%emt 0:00:24]} Qc7 {[%emt 0:01:36]} 6. g3 {[%emt 0:02:55]} a6 {[%emt 0:03:00]} 7. Bg2 {[%emt 0:01:01]} Nf6 {[%emt 0:01:50]} 8. O-O {[%emt 0:02:21]} Nxd4 {[%emt 0:04:18]} 9. Qxd4 {[%emt 0:04:37]} Bc5 {[%emt 0:03:57]} 10. Bf4 {[%emt 0:01:36]} d6 11. Qd2 {[%emt 0:03:46]} h6 {[%emt 0:04:36]} 12. Rad1 {[%emt 0:00:53]} e5 {[%emt 0:02:27]} 13. Be3 {[%emt 0:01:51]} Be6 {[%emt 0:03:41]} 14. Bxc5 {[%emt 0:01:09]} dxc5 {[%emt 0:03:25]} 15. Qd6 {[%emt 0:01:38]} Qxd6 16. Rxd6 {[%emt 0:00:11]} Ke7 {[%emt 0:07:20]} 17. Rb6 {[%emt 0:01:05]} Kd7 18. Rxb7+ {[%emt 0:00:26]} Kc6 {[%emt 0:03:28]} 19. Re7 {[%emt 0:00:43]} Kd6 {[%emt 0:07:47]} 20. Rb7 {[%emt 0:00:56]} Kc6 {[%emt 0:07:34]} 21. Re7 {[%emt 0:00:39]} Rhb8 {[%emt 0:00:28]} 1/2-1/2

[Event "CZE-ch Youth B16 2022"]
[Site "Luhacovice"]
[Date "2022.03.15"]
[Round "5.5"]
[White "Winter, Ondrej"]
[Black "Dedek, Jan"]
[Result "1-0"]
[WhiteElo "2147"]
[BlackElo "1963"]
[Annotator "ChessBase"]
[PlyCount "95"]
[EventDate "2022.03.12"]
[EventType "swiss"]
[EventCountry "CZE"]
[SourceTitle "playchess.com"]
[Source "ChessBase"]
[SourceQuality "1"]
[TimeControl "40/5400+30:1800+30"]

1. e4 c6 {[%emt 0:00:50]} 2. Nc3 {[%emt 0:00:13]} d5 {[%emt 0:00:23]} 3. Nf3 {[%emt 0:00:14]} dxe4 {[%emt 0:00:55]} 4. Nxe4 {[%emt 0:00:26]} Nd7 {[%emt 0:01:37]} 5. Qe2 {[%emt 0:01:20]} e6 {[%emt 0:00:54]} 6. g3 {[%emt 0:00:07]} Ngf6 {[%emt 0:06:51]} 7. Bg2 {[%emt 0:01:05]} Be7 {[%emt 0:01:48]} 8. O-O {[%emt 0:00:45]} O-O {[%emt 0:02:41]} 9. d4 {[%emt 0:02:58]} Nd5 {[%emt 0:03:58]} 10. Ne5 {[%emt 0:05:48]} N7f6 {[%emt 0:05:02]} 11. Rd1 {[%emt 0:15:40]} Nxe4 {[%emt 0:07:34]} 12. Bxe4 {[%emt 0:02:18]} Qc7 {[%emt 0:10:35]} 13. c4 {[%emt 0:03:40]} Nf6 {[%emt 0:00:18]} 14. Bg2 {[%emt 0:00:25]} Nd7 {[%emt 0:06:43]} 15. Bf4 {[%emt 0:03:49]} Nxe5 {[%emt 0:02:37]} 16. Bxe5 {[%emt 0:01:08]} Bd6 {[%emt 0:00:25]} 17. c5 {[%emt 0:01:14]} Bxe5 {[%emt 0:00:16]} 18. dxe5 {[%emt 0:02:03]} b6 {[%emt 0:00:44]} 19. Rac1 {[%emt 0:00:29]} Bb7 {[%emt 0:00:40]} 20. Rd6 {[%emt 0:00:16]} Rad8 {[%emt 0:01:40]} 21. Qd3 {[%emt 0:01:36]} bxc5 {[%emt 0:01:11]} 22. Rxc5 {[%emt 0:00:37]} Qb6 {[%emt 0:00:27]} 23. Qc3 {[%emt 0:03:51]} Rxd6 {[%emt 0:03:53]} 24. exd6 {[%emt 0:00:06]} Rd8 {[%emt 0:00:27]} 25. Qd4 {[%emt 0:21:04]} g6 {[%emt 0:03:02]} 26. h4 {[%emt 0:01:16]} h5 {[%emt 0:00:32]} 27. Bf3 {[%emt 0:02:11]} Rd7 {[%emt 0:01:13]} 28. Bxh5 {[%emt 0:06:12]} Qd8 {[%emt 0:00:07]} 29. Bf3 {[%emt 0:03:17]} Rxd6 {[%emt 0:00:13]} 30. Qe5 {[%emt 0:00:44]} Rd3 {[%emt 0:01:13]} 31. Bxc6 {[%emt 0:03:53]} Bxc6 {[%emt 0:00:32]} 32. Rxc6 {[%emt 0:00:20]} Rd7 {[%emt 0:02:35]} 33. Qc3 {[%emt 0:02:58]} Qe7 {[%emt 0:00:08]} 34. Rc8+ {[%emt 0:01:37]} Rd8 {[%emt 0:00:05]} 35. Qa3 {[%emt 0:00:11]} Qd7 {[%emt 0:00:49]} 36. Rxd8+ {[%emt 0:00:12]} Qxd8 {[%emt 0:00:03]} 37. Qxa7 {[%emt 0:00:05]} Qd1+ {[%emt 0:00:05]} 38. Kh2 {[%emt 0:00:06]} Qd2 {[%emt 0:00:19]} 39. Qb8+ {[%emt 0:05:22]} Kh7 {[%emt 0:00:08]} 40. Qf4 {[%emt 0:00:54]} Qxb2 {[%emt 0:00:21]} 41. Qxf7+ {[%emt 0:30:03]} Kh8 {[%emt 0:30:26]} 42. a4 {[%emt 0:00:16]} Qa2 {[%emt 0:00:12]} 43. a5 {[%emt 0:00:38]} Qxa5 {[%emt 0:00:11]} 44. Qxg6 {[%emt 0:00:05]} Qb6 {[%emt 0:00:20]} 45. Qf6+ {[%emt 0:00:10]} Kh7 {[%emt 0:00:05]} 46. h5 {[%emt 0:00:38]} Qc5 {[%emt 0:00:51]} 47. Qf7+ {[%emt 0:00:23]} Kh8 {[%emt 0:00:05]} 48. h6 {[%emt 0:00:29]} 1-0

[Event "CZE-ch Youth B16 2022"]
[Site "Luhacovice"]
[Date "2022.03.15"]
[Round "5.6"]
[White "Pelc, Adam"]
[Black "Hak, David"]
[Result "0-1"]
[WhiteElo "1811"]
[BlackElo "2132"]
[Annotator "ChessBase"]
[PlyCount "66"]
[EventDate "2022.03.12"]
[EventType "swiss"]
[EventCountry "CZE"]
[SourceTitle "playchess.com"]
[Source "ChessBase"]
[SourceQuality "1"]
[TimeControl "40/5400+30:1800+30"]

1. e4 {[%emt 0:00:03]} c5 {[%emt 0:03:20]} 2. Nf3 {[%emt 0:00:31]} e6 {[%emt 0:00:04]} 3. d4 {[%emt 0:00:40]} cxd4 {[%emt 0:00:01]} 4. Nxd4 {[%emt 0:00:24]} Nf6 {[%emt 0:00:01]} 5. Bd3 {[%emt 0:01:52]} Nc6 {[%emt 0:00:41]} 6. Nxc6 {[%emt 0:01:13]} bxc6 {[%emt 0:00:10]} 7. O-O {[%emt 0:01:04]} d5 {[%emt 0:01:11]} 8. exd5 {[%emt 0:05:21]} cxd5 {[%emt 0:01:14]} 9. Re1 {[%emt 0:03:28]} Bd6 {[%emt 0:00:45]} 10. Nc3 {[%emt 0:02:49]} O-O {[%emt 0:00:13]} 11. Bg5 {[%emt 0:00:40]} Bb7 {[%emt 0:00:23]} 12. Qe2 {[%emt 0:09:04]} e5 {[%emt 0:00:52]} 13. Ba6 {[%emt 0:01:14]} Bc6 {[%emt 0:00:53]} 14. Bb5 {[%emt 0:00:57]} Bb7 {[%emt 0:04:40]} 15. Ba6 {[%emt 0:00:24]} Bxa6 {[%emt 0:02:14]} 16. Qxa6 {[%emt 0:00:20]} e4 {[%emt 0:02:29]} 17. Nxd5 {[%emt 0:05:19]} Bxh2+ {[%emt 0:00:26]} 18. Kxh2 {[%emt 0:01:07]} Ng4+ {[%emt 0:00:19]} 19. Kg1 {[%emt 0:00:20]} Qxg5 {[%emt 0:01:40]} 20. Ne3 {[%emt 0:00:30]} Ne5 {[%emt 0:00:32]} 21. Kf1 {[%emt 0:03:20]} Qh5 {[%emt 0:01:44]} 22. Kg1 {[%emt 0:04:26]} Rae8 {[%emt 0:00:45]} 23. Qa4 {[%emt 0:06:05]} f5 {[%emt 0:00:57]} 24. Qb3+ {[%emt 0:03:14]} Kh8 {[%emt 0:00:09]} 25. Nf1 {[%emt 0:00:59]} Ng4 {[%emt 0:06:23]} 26. Qh3 {[%emt 0:02:23]} Qg5 {[%emt 0:01:19]} 27. Ne3 {[%emt 0:09:25]} Ne5 {[%emt 0:00:18]} 28. Qg3 {[%emt 0:00:24]} Qh5 {[%emt 0:00:27]} 29. Nd5 {[%emt 0:00:54]} Qf7 {[%emt 0:04:18]} 30. Rad1 {[%emt 0:03:09]} f4 {[%emt 0:01:23]} 31. Qh3 {[%emt 0:01:27]} Qg6 {[%emt 0:06:07]} 32. Kf1 {[%emt 0:00:42]} e3 {[%emt 0:03:51]} 33. Nc7 {[%emt 0:06:05]} Qxc2 {[%emt 0:01:02]} 0-1

[Event "CZE-ch Youth B16 2022"]
[Site "Luhacovice"]
[Date "2022.03.15"]
[Round "5.7"]
[White "Paseka, Matyas"]
[Black "Vaclavik, Jan"]
[Result "1/2-1/2"]
[WhiteElo "2058"]
[BlackElo "1997"]
[Annotator "ChessBase"]
[PlyCount "29"]
[EventDate "2022.03.12"]
[EventType "swiss"]
[EventCountry "CZE"]
[SourceTitle "playchess.com"]
[Source "ChessBase"]
[SourceQuality "1"]
[TimeControl "40/5400+30:1800+30"]

1. e4 {[%emt 0:00:03]} c5 {[%emt 0:00:25]} 2. Nf3 {[%emt 0:00:08]} d6 {[%emt 0:00:10]} 3. d4 {[%emt 0:00:06]} cxd4 {[%emt 0:00:08]} 4. Nxd4 {[%emt 0:00:06]} Nf6 {[%emt 0:00:08]} 5. Nc3 {[%emt 0:00:06]} Nc6 {[%emt 0:00:33]} 6. Bg5 {[%emt 0:00:07]} g6 {[%emt 0:01:11]} 7. Bxf6 {[%emt 0:14:26]} exf6 {[%emt 0:00:24]} 8. Be2 {[%emt 0:00:18]} Bg7 {[%emt 0:01:39]} 9. Ndb5 {[%emt 0:01:00]} O-O {[%emt 0:02:56]} 10. Qxd6 {[%emt 0:09:17]} f5 {[%emt 0:05:18]} 11. Rd1 {[%emt 0:18:55]} Qg5 {[%emt 0:28:47]} 12. Qg3 {[%emt 0:11:37]} Qe7 {[%emt 0:15:41]} 13. Qd6 {[%emt 0:12:30]} Qg5 {[%emt 0:02:59]} 14. Qg3 {[%emt 0:01:55]} Qe7 {[%emt 0:01:06]} 15. Qd6 {[%emt 0:02:11]} 1/2-1/2